Chansons d'EXO - Mort subite - Statistiques

Statistiques générales
  • Ce quiz a été pris 139 fois
  • Le résultat moyen est 15 sur 23
Answers on the Grid
Answers color-coded by a green-red scale on the quiz's grid according to % correct below.
CALL ME BABY
If You Do
Power
GO!
Lucky One
Overdose
HOME SWEET HOME
Lotto
Ko Ko Bop
CEREMONY
Obsession
Ooh La La La
Lucifer
Sweet Lies
Monster
Tempo
Let Out the Beast
Love Shot
Deja Vu
MAMA
Silver Light
Don't fight the feeling
Love Maze
Wolf
Kick Back
PLAYBOY
The Eve
Growl
Sugar Rush Ride
The First Snow
Cream Soda
HIT
Don't Go
Superhuman
LOVE ME RIGHT
 
Statistiques - réponses
Réponse % Correct
CALL ME BABY
94%
Monster
82%
Ko Ko Bop
81%
Growl
80%
Overdose
79%
The Eve
78%
Lotto
77%
Love Shot
77%
Tempo
77%
Obsession
75%
LOVE ME RIGHT
73%
Wolf
69%
MAMA
67%
Power
65%
The First Snow
58%
Lucky One
56%
Cream Soda
55%
Don't fight the feeling
51%
PLAYBOY
44%
Don't Go
39%
Ooh La La La
36%
Sweet Lies
26%
Let Out the Beast
25%
Aucun quiz correspondant
Distribution des résultats
% des personnes avec chaque résultat
Percentile par nombre de réponses
Votre historique - résultats
Vous n’avez pas pris ce quiz